000
00292nam a2200133Ia 4500
100
_a
Mahahar Lotia
490
_v
2
942
_c
BK
654
_a
television
245
_a
Modern portable television circuits
260
_b
BPB
_a
New Delhi
_c
1993
082
_a
621.388
_b
MAH
546
_a
ENGLISH
999
_c
34804
_d
34804